000 00987nam a2200289Ia 4500
001 Para_9302
003 CHAP
008 220125s2004 xx 000 0 und d
010 _a208041
040 _cCHAP
090 _aFOLLETO 3528
100 _aLópez Muñoz, Liliana
_968156
245 _aEfecto de la irradiación en el desarrollo gonadal de Anastrepha ludens y Anastrepha obliqua /
_c por Liliana López Muñoz
260 _aChiapas, Méx. :
_b Secretaría de Agricultura, Ganadería, Desarrollo Rural, Pesca y Alimentación
300 _a32 p.
650 _aAnastrepha ludens
_95487
650 _aAnastrepha obliqua
_95488
650 _aMosca de la fruta
_978989
710 _aMéxico. Secretaría de Agricultura, Ganadería, Desarrollo Rural, Pesca y Alimentación
_977148
901 _aFOLLETO 3528
902 _aM
905 _a0000002004 an 0000000000 00
910 _a2004
942 _cPARA
942 _cPARA
_d14
999 _c208041
_d208041